000 00466nam a2200157Ia 4500
008 231217s9999 xx 000 0 und d
041 _aEnglish
082 _a001.64404 BAS;2 R1
100 _aBasavaraju, T G.
245 0 _aComputer networks-I : for VI sem. BE, CS and eng. and IS and eng as per the VTU
250 _a1st ed.
260 _c2005
_bPearson
_aDelhi
300 _axii+312
650 _aComputer,networks-I,:,VI,sem.,BE,,CS,eng.,eng
942 _cAA
999 _c177559
_d177559